00552nam a2200121Ia 4500008004100000100002200041245009700063245015100160260004900311260000900360650001300369856004800382170221s9999 xx 000 0 und d aMurray S. Anthony aDeveloping sound long-term portfolio strategy for churches and other religious organizations cMurray S. Anthony, East Tennessee State University; Gary D. Burkette, East Tennessee State University; Shelby G. Sparks, Viking Machinery Company. bJournal of Management and Marketing Research c2014 xBusiness uhttp://www.aabri.com/manuscripts/121188.pdf